Open Data Biblioteca Nacional de Portugal


República Portuguesa: Ministério da Cultura
Biblioteca Nacional de Portugal

Catálogo da BNP: acesso por Identificadores Unívocos
Registos Bibliográficos associados ao registo de autoridade

Etiqueta de registo: 02280nbm 2200361 450
001 1825731
003 http://id.bnportugal.gov.pt/bib/catbnp/1825731
100 ## $a20121210d1646 k y0pory01030103ba
101 0# $apor
105 ## $ay z 000yy
106 ## $ah
200 1# $aComprimisso da Irmandade do Santissimo Sacramento do Convento de São João da Penitencia da villa de Estremos confirmada pelo muito Reverendo Padre Fr[ei] Diogo Cesar Provinçial da Provinçia dos Algarves pera as Religiosas do mesmo conve[n]to & mais pessoas seculares Sendo Prioresa Do mesmo Convento a Madre Anna da Conceiçao$bManuscrito]
210 #1 $dNo anno de 1646
215 ## $a20 f.$d293x206 mm
300 ## $aOriginal
307 ## $aFrontispício ornamentado com pórtico; iniciais desenhadas à pena; rubricado a vermelho
307 ## $aRecorte simétrico em papel branco colado na f. 4
307 ## $aTodas as f. com esquadria a preto e vermelho
307 ## $aEncadernação da época, em veludo carmesin, sobre pastas de madeira e fechos; corte a ouro
317 ## $aInformação manuscrita no verso da f. 4: "Este codice foi off[erecid]o pelo ex[celentissi]mo s[e]nh[o]r Pery de Linde em Janeiro de 1899."
321 1# $aDescrito em: Correia, Francisco - Inventário da colecção dos manuscritos iluminados da Biblioteca Nacional. Lisboa : [Ministério da Educação e Cultura], 1986
327 1# $aConfirmação de Frei Diogo César, Ministro Provincial do Algarve da Ordem de São Francisco, datado de 10 de Outubro de 1646; assinatura autógrafa do Ministro Provincial e selo de chapa da Ordem
518 1# $aCompromisso da Irmandade do Santissimo Sacramento do Convento de São João da Penitência da vila de Estremoz...
710 02 $aIrmandade do Santíssimo Sacramento$c(Estremoz)$31490355
801 #0 $aPT$bBN$gRPC
856 40 $uhttps://purl.pt/31663
856 41 $uhttps://purl.pt/31663/service/media/cover/low
856 49 $uhttps://purl.pt/31663/service/media/pdf$qapplication/pdf
958 ## $aBND$bLivre$cDigitalizado$d1$ehttps://purl.pt/31663/service/media/cover/max
966 ## $lBN$mMICROF$sF. 977
966 ## $lBN$mRESMAN$nR. 20198$sIL. 153
995 ## $aROL $zBND$d20171115$idfontes
995 ## $aIL $zBND$d20181220$imsantos

Etiqueta de registo: 01486nbm 2200301 450
001 1809861
003 http://id.bnportugal.gov.pt/bib/catbnp/1809861
100 ## $a20120416d1793 k y0pory0103 ba
101 0# $apor
105 ## $ay z 000yy
106 ## $ah
200 1# $a[Compromisso da Irmandade do Santíssimo Sacramento situada na Igreja matriz da vila de Estremoz]$bManuscrito]
210 #1 $d1793
215 ## $a[64] f., enc.$cpapel$d30 cm
300 ## $aOriginal
304 ## $aTreslado da aprovação régia do Compromisso (f. [12-13])
307 ## $aF. [14-64] em branco; texto enquadrado por esquadria
307 ## $aDesenho a cores e ouro com dois anjos a ladear a custódia com o Santíssimo Sacramento, à volta a legenda: Bendito e Louvado seja o Santíssimo Sacramento da Eucaristia O Fruto do Ventre Sagrado da Virgem Puríssima Santa Maria (f. [1])
310 ## $aEnc. de pele pintada de vermelho. Cercadura gravada a ouro nos dois planos. Na parte superior, o tít. Compromisso gravado a ouro
317 ## $aPert.: Rafael Maria Rudio (ex-libris)
702 #1 $aRudio,$bRafael Maria$4390$31490356
710 02 $aIrmandade do Santíssimo Sacramento$c(Estremoz)$31490355
801 #0 $aPT$bBN$gRPC
856 40 $uhttps://purl.pt/24954
856 41 $uhttps://purl.pt/24954/service/media/cover/low
856 49 $uhttps://purl.pt/24954/service/media/pdf$qapplication/pdf
958 ## $aBND$bLivre$cDigitalizado$d1$ehttps://purl.pt/24954/service/media/cover/max
966 ## $lBN$mRESMAN$sCOD. 11162$x2

OpendataBNP@bnportugal.pt | Mais informação sobre acesso aos dados BNP